'N' Entertainment Images Quiz Stats

 Plays Quiz Updated Apr 20, 2018

Challenge
Share
Tweet
Score 0/25 Timer 04:00
3 Plays Today
% Correct
Nemo
97.2%
Nike
94.4%
Netflix
92.1%
Night at the Museum
86.2%
NASA
85.6%
Ned Flanders
85.3%
NCIS
79%
NSYNC
78.3%
Nala
77.5%
Nirvana
75.7%
Napoleon Dynamite
74.3%
New Girl
72%
No Doubt
64.2%
% Correct
NASCAR
63.6%
Nightmare on Elm Street
56.8%
The North Face
55.6%
NeverEnding Story
54.7%
Nashville
51.1%
Nigel Thornberry
42.9%
Newsroom
40.2%
No Country for Old Men
27.7%
Nine Inch Nails
25.9%
Nermal
22.3%
Nikita
13.7%
New Order
6.3%

You're not logged in!

Compare scores with friends on all Sporcle quizzes.
OR
Log In

You Might Also Like...

Show Comments

Extras

Top Quizzes Today


Score Distribution

Your Account Isn't Verified!

In order to create a playlist on Sporcle, you need to verify the email address you used during registration. Go to your Sporcle Settings to finish the process.

Report this User

Report this user for behavior that violates our Community Guidelines.

Details: